| Tag |
First Indicator |
Second Indicator |
Subfields |
| LEADER |
00000cam a2200000 i 4500 |
| 001 |
in00000601607 |
| 005 |
20151014092236.0 |
| 008 |
800626s1971 flu s00000 eng d |
| 035 |
|
|
|a (OCoLC)06460561
|
| 035 |
|
|
|9 ACQ8999AM
|
| 040 |
|
|
|a FHS
|c FHS
|d m.c.
|d TXA
|d UtOrBLW
|
| 049 |
1 |
|
|a TXA2
|
| 090 |
|
|
|a QH90.5
|b .F55
|
| 110 |
2 |
|
|a University of Florida.
|
| 245 |
1 |
0 |
|a University of Florida involvement in the fresh water, estuarine, and marine sciences.
|
| 264 |
|
1 |
|a Gainesville, Fla. :
|b The Center,
|c 1971.
|
| 300 |
|
|
|a 85 pages ;
|c 23 cm.
|
| 336 |
|
|
|a text
|b txt
|2 rdacontent
|
| 337 |
|
|
|a unmediated
|b n
|2 rdamedia
|
| 338 |
|
|
|a volume
|b nc
|2 rdacarrier
|
| 610 |
2 |
0 |
|a University of Florida.
|
| 650 |
|
0 |
|a Aquatic resources
|x Study and teaching
|z Florida.
|
| 650 |
|
0 |
|a Marine research.
|
| 650 |
|
0 |
|a Water
|x Research.
|
| 999 |
|
|
|a MARS
|
| 999 |
f |
f |
|s 422bd22a-23a5-37dd-b9ae-2ed6800cf13a
|i 67465726-5a37-3413-b1f2-1be465140c1c
|t 0
|
| 952 |
f |
f |
|p ric
|a Texas A&M University
|b Rellis Campus
|c Joint Library Facility
|d Remote Storage
|t 0
|e QH90.5 .F55
|h Library of Congress classification
|i unmediated -- volume
|m A14810824372
|
| 998 |
f |
f |
|a QH90.5 .F55
|t 0
|l Remote Storage
|